Soviet economic power : its organization, growth, and challenge

Αποθηκεύτηκε σε:
Λεπτομέρειες βιβλιογραφικής εγγραφής
Κύριος συγγραφέας: Campbell, Robert Wellington
Μορφή: Βιβλίο
Γλώσσα:English
Δημοσίευση: Cambridge : Houghton Mifflen Company, c1960
Θέματα:
Ετικέτες: Προσθήκη ετικέτας
Δεν υπάρχουν, Καταχωρήστε ετικέτα πρώτοι!

MARC

LEADER 00000nam a2200000 i 4500
001 1/67368
008 990121s1960 eng d
035 |l 10047466 
040 |a GR-MY-UA  |b gre  |e aacr 
041 0 |a eng 
082 0 |a 338.947 
100 1 |a Campbell, Robert Wellington. 
245 1 0 |a Soviet economic power :  |b its organization, growth, and challenge /  |c Robert W. Campbell 
260 |a Cambridge :   |b Houghton Mifflen Company,   |c c1960 
300 |a xii, 209 p. 
504 |a Includes index 
651 0 |a Soviet Union  |x Economic conditions. 
852 |a INST  |b CHIOS  |e 19990121  |h 338.947 CAM  |p 005200015004  |q 005200015004  |t BK  |y 0 
901 |a BIBL-1999-1 
909 |a Χ  |b 055252 
922 |a 2ΔΩΡ  |b 199901  |d ΛΕΜΟΝΙΑ